El pendón del conquistador Francisco Pizarro : (Registro nro. 46788)
[ vista simple ]
| 000 -LEADER | |
|---|---|
| campo de control de longitud fija | 00621nam a2200217Ia 4500 |
| 001 - NÚMERO DE CONTROL | |
| campo de control | 46788 |
| 003 - IDENTIFICADOR DE NÚMERO DE CONTROL | |
| campo de control | AR-BaAGN |
| 005 - FECHA Y HORA DE LA ÚLTIMA TRANSACCIÓN | |
| campo de control | 20240628101227.0 |
| 007 - CAMPO FIJO DE DESCRIPCIÓN FÍSICA--INFORMACIÓN GENERAL | |
| campo de control de longitud fija | ta |
| 008 - DATOS DE LONGITUD FIJA--INFORMACIÓN GENERAL | |
| campo de control de longitud fija | 211206s9999 xx 000 0 spa d |
| 040 ## - FUENTE DE CATALOGACIÓN | |
| Centro catalogador/agencia de origen | AR-BaAGN |
| Lengua de catalogación | español |
| Normas de descripción | aacr |
| 942 ## - ELEMENTOS DE ENTRADA SECUNDARIOS (KOHA) | |
| Tipo de ítem Koha | Libro |
| Suprimir en OPAC | No |
| 100 ## - ENTRADA PRINCIPAL--NOMBRE DE PERSONA | |
| Nombre de persona | Pillado, José Antonio |
| 245 10 - MENCIÓN DEL TÍTULO | |
| Título | El pendón del conquistador Francisco Pizarro : |
| Resto del título | [recortes] |
| 264 ## - PRODUCCIÓN, PUBLICACIÓN, DISTRIBUCIÓN, FABRICACIÓN Y COPYRIGHT | |
| Lugar | [Lugar de publicación no identificado], |
| Fecha | [fecha no identificada] |
| 300 ## - DESCRIPCIÓN FÍSICA | |
| Extensión | 15 páginas |
| 336 ## - TIPO DE CONTENIDO | |
| Fuente | rdacontent |
| Código de tipo de contenido | texto |
| 337 ## - TIPO DE MEDIO | |
| Fuente | rdamedia |
| Código del tipo de medio | no mediado |
| 338 ## - TIPO DE SOPORTE | |
| Fuente | rdacarrier |
| Código del tipo de soporte | volumen |
| 600 14 - PUNTO DE ACCESO ADICIONAL DE MATERIA--NOMBRE DE PERSONA | |
| Nombre de persona | Pizarro, Francisco, |
| Fechas asociadas al nombre | 1478-1541 |
| ID autoridades | 8007 |
| Estado de retiro | Estado de pérdida | Estado de conservación | Biblioteca actual | Ubicación en estantería | Signatura topográfica completa | Código de barras | Tipo de ítem Koha |
|---|---|---|---|---|---|---|---|
| Biblioteca del Archivo General de la Nación | José Juan Biedma - Biblioteca | JJB 422 | JJB-422 | Libro |
